| 000 | 00929nam a2200265 a 4500 | ||
|---|---|---|---|
| 003 | DO-SdBNP | ||
| 005 | 20260206104111.0 | ||
| 007 | ta | ||
| 008 | 221114b2022 dr |||gr|||| 001 edspa d | ||
| 020 | _a9789945222227 | ||
| 040 |
_aDO-SdBNP _bspa _cBNPHU |
||
| 082 | 4 |
_222 _bM938s |
|
| 100 | 1 |
_91749 _aMoya, José Antonio |
|
| 245 |
_aSoluciones a la delincuencia y la convivencia pacífica. / _cJosé Antonio Moya; Prólogo; Santiago H. Van Der Linde Borges. |
||
| 260 |
_aSanto Domingo : _bBúho, _c2022 |
||
| 300 |
_a544 p. ; _c22 cm. |
||
| 500 | _aIncluye datos biográficos del autor en solapa de las cubiertas. | ||
| 500 | _aPropuesta de José Antonio Moya. | ||
| 590 | _aInventariado 2022 / MF | ||
| 650 | 0 |
_aNo-violencia _xRepública Dominicana _940309 |
|
| 650 | 0 |
_aDelincuencia _zRepública Dominicana _971589 |
|
| 700 | 1 |
_971590 _aLinde Borges, Santiago H. Van Der _epról. |
|
| 910 | _aMFeliz | ||
| 942 |
_2ddc _cLBS1 |
||
| 999 |
_c52914 _d52914 |
||